000 00461nam a2200181Ia 4500
005 20250603144544.0
008 250603s9999 xx 000 0 und d
020 _a9781482264197
050 _aRB 111 .L35/
100 _aLakhani, Sunil R...[et al.].
245 0 _aBasic pathology: an introduction to the mechanisms of disease
260 _aBoca Raton
260 _bCRC Press
260 _c2016
300 _a381 p
650 _aBoca Raton
942 _cBK
999 _c39270
_d39270